PMF. Public management forum <a> bimonthly newsletter for public administration practitioners in central and Eastern Europe

Salvato in:
Dettagli Bibliografici
Natura: Periodico
Lingua:inglese
Pubblicazione: Paris OECD 1998
Tags: Aggiungi Tag
Nessun Tag, puoi essere il primo ad aggiungerne!!

MARC

LEADER 00000nas2a2200000 4500
001 s122499
005 20250724084109.8
022 |a 1024-7416 
041 0 |a eng 
044 |a FR 
245 1 0 |a PMF. Public management forum  |b <a> bimonthly newsletter for public administration practitioners in central and Eastern Europe 
264 1 |a Paris  |b OECD  |c 1998 
300 |a 1 zv.